Statistics for Roman Numerals

Click here to take the quiz!

General Stats

  • This quiz has been taken 41 times
  • The average score is 10 of 16

Answer Stats

HintAnswer% Correct
28XXVIII
100%
325CCCXXV
86%
78LXXVIII
82%
209CCIX
79%
39XXXIX
75%
45XLV
64%
423CDXXIII
57%
517DXVII
57%
86LXXXVI
57%
3456MMMCDLVI
57%
179CLXXIX
54%
782DCCLXXXII
54%
684DCLXXXIV
54%
1111MCXI
54%
2361MMCCCLXI
46%
999CMXCIX
43%

Score Distribution

Percentile by Number Answered

Percent of People with Each Score

Your Score History

You have not taken this quiz